| 000 | 00443nam a2200109Ia 4500 | ||
|---|---|---|---|
| 008 | 160909s9999 xx 000 0 und d | ||
| 100 | _aStribling, Hanna F. | ||
| 245 | 4 | _aThe supplemental nutrition assistance program: How does CalFresh work for college students in California? A policy analysis | |
| 260 |
_bCalifornia State University, Long Beach. _c2016 |
||
| 650 | _aFOOD | ||
| 856 | _uhttp://pqdtopen.proquest.com/doc/1783580488.html?FMT=ABS | ||
| 999 |
_c303984 _d303984 |
||